| 000 | 00464cam a2200193ua 4500 | ||
|---|---|---|---|
| 001 | 267 | ||
| 008 | 110328n ii |||gr||||Z||||||eng | ||
| 020 | _a61-7339-367-2 | ||
| 040 | _cMAIN | ||
| 082 | _a301.0954 | ||
| 245 |
_aBharatiya samaj paddhati. _cBy Utpal Saikia. |
||
| 250 | _a2nd. | ||
| 260 |
_aDibrugarh.: _bBanalata., _c2008. |
||
| 300 | _ax, 350 p.:5 cm. | ||
| 653 | _aSociology. | ||
| 653 | _aSamaj paddhati. | ||
| 700 | _aSaikia, Utpal., | ||
| 942 | _cBK | ||
| 999 |
_c226 _d226 |
||